000 00796 a2200217 4500
010 _aENG-88859
020 _a9788120332676
_c350.00
035 _aEN-72392
037 _bDBAD / PUB
082 0 0 _a158.1
090 _c9535
_d9535
100 1 _aCanterucci, Jim.
245 1 0 _aPersonal brilliance :
_bmastering the everyday habits that create a lifetime of success /
_cby Jim Canterucci ; foreword by Nido R. Qubein.
260 _aNew Delhi
_bPrentice-Hall of India
_c2007
270 _aM-97, Connaught Circus,
_cNew Delhi
_e110 001
300 _axiii, 210 p. ;
_c24 cm (Hb)
500 _aIncludes index.
650 0 0 _aSuccess
_xPsychological aspects.
942 _adpl
_cEN
_k158.1 / CAN
999 _c9361
_d9361